[Event "18th Aeroflot Open-A 2020"]
[Site "Moscow"]
[Date "2020.02.25"]
[Round "7.4"]
[White "Sarana, Alexey"]
[Black "Idani, Pouya"]
[Result "1/2-1/2"]
[WhiteElo "2656"]
[BlackElo "2577"]
[Annotator "TA"]
[PlyCount "56"]
[EventDate "2020.02.19"]
[EventType "swiss"]
[EventCountry "RUS"]
[SourceTitle "playchess.com"]
[Source "ChessBase"]
[SourceQuality "1"]

{[%evp 14,56,20,4,7,25,16,18,32,4,4,5,15,10,14,22,24,28,46,39,41,39,45,45,43,12,25,9,14,18,20,14,52,-22,-21,-20,-19,-22,-9,-18,-8,-16,-21,-18,-5]} 1. e4 c5 2. Nf3 d6 3. d4 cxd4 4. Nxd4 Nf6 5. Nc3 a6 6. Be3 e5 7. Nf3 Qc7 8. Be2 Be7 {B90: Sicilian Najdorf: Unusual White 6th moves, 6 Be3 Ng4 and 6 Be3 e5.} 9. a4 {is now debated instead of 9.0-0.} h6 10. O-O Be6 11. a5 Qc6 12. Nd2 Nbd7 13. Bf3 O-O 14. Qe2 Rac8 15. Rfd1 Rfe8 16. Nf1 {[#]} Nf8 $146 ({Predecessor:} 16... Bf8 17. Ng3 g6 18. Qd2 Kh7 19. h3 Qc7 20. Qe1 Qc6 21. Nf1 Qc7 22. Nh2 Ra8 {1-0 (63) Rambaldi,F (2544)-Brunello,M (2361) Bergamo 2016}) 17. Ng3 N8d7 18. Rd2 Bf8 19. h4 Qc7 20. Qd1 b5 21. axb6 Nxb6 {With the idea ...Nc4.} 22. b3 ({Reject} 22. Rxa6 Nc4 $17) 22... Qb7 23. Na4 (23. Nd5 $14 Nbxd5 24. exd5) 23... Nxa4 $11 {The position is equal.} 24. Rxa4 Bd7 25. Ra2 Bc6 26. Qe2 Nxe4 27. Nxe4 Bxe4 28. Bxe4 Qxe4 {Accuracy: White = 79%, Black = 94%.} 1/2-1/2

[Event "18th Aeroflot Open-A 2020"]
[Site "Moscow"]
[Date "2020.02.25"]
[Round "7.5"]
[White "Erigaisi Arjun"]
[Black "Adhiban, B.."]
[Result "0-1"]
[WhiteElo "2563"]
[BlackElo "2654"]
[Annotator "TA"]
[PlyCount "120"]
[EventDate "2020.02.19"]
[EventType "swiss"]
[EventCountry "RUS"]
[SourceTitle "playchess.com"]
[Source "ChessBase"]
[SourceQuality "1"]

{[%evp 13,120,26,47,6,6,19,10,11,11,0,0,0,0,0,0,0,0,0,0,-9,0,0,20,-2,0,-40,-40,-52,-54,-50,-31,-58,-53,-41,-13,-43,0,0,0,0,0,0,-23,-110,-98,-164,-164,-164,-164,-164,-164,-164,-164,-188,-164,-164,-164,-201,-156,-215,-215,-215,-206,-208,-207,-251,-258,-258,-251,-326,-334,-355,-251,-365,-365,-651,-650,-618,-586,-637,-662,-647,-620,-592,-496,-1481,-1454,-1571,-1406,-1852,-1829,-1510,-587,-29977,-5691,-5077,-4133,-29973,-29976,-29976,-29977,-29977,-29978,-29977,-29978,-29979,-29980,-29980,-29979]} 1. d4 d5 2. c4 e6 3. Nf3 Nf6 4. g3 dxc4 5. Bg2 a6 6. O-O Nc6 7. e3 Rb8 8. Qe2 {E04: Open Catalan: 5 Nf3.} b5 9. b3 {9.b3 scores better than 9.Rd1.} cxb3 10. axb3 {The position is equal.} Be7 11. Bb2 O-O 12. Nbd2 Bb7 13. Rfc1 Nb4 14. Ne5 Bxg2 15. Kxg2 Rb6 {[#]} 16. Kg1 $146 ({Predecessor:} 16. Qf3 Nd7 17. Nc6 Nxc6 18. Rxc6 Rxc6 19. Qxc6 Nb8 20. Qc2 c5 21. dxc5 Qd5+ 22. Nf3 Qxc5 23. Qxc5 Bxc5 {1-0 (53) Theodorou,N (2513)-Baron,T (2530) Rio Achaea 2018}) 16... Nd7 17. Ne4 f6 18. Nf3 e5 19. dxe5 fxe5 20. Rd1 Qc8 21. Rac1 (21. Nxe5 Nxe5 22. Bxe5 Qf5 $17) 21... c5 22. Ne1 Nf6 23. Nxf6+ Bxf6 24. Ba3 Qe6 25. Rxc5 Qxb3 26. Bxb4 $1 Qxb4 27. Nd3 Qa3 28. Qc2 (28. Rd5 $11) 28... Rd6 $17 {Black converts the advantage convincingly.} 29. Rc3 (29. Rc6 $17) 29... Qa4 $19 30. Qxa4 bxa4 31. e4 Rfd8 {Strongly threatening ...Be7.} 32. Kf1 Rd4 {Hoping for ...Be7.} 33. f3 Be7 {[#] And now ...Bb4 would win.} 34. Ke2 Bb4 $36 {[%mdl 2048] White is under strong pressure.} 35. Rc2 a5 36. Nf2 (36. h4 $17) 36... Rxd1 37. Nxd1 {[%mdl 4096] Endgame KRB-KRN} a3 {[#] White must now prevent ...Rd2+!} 38. Nc3 Bc5 39. Nd5 Bd4 40. Ra2 Bb2 41. Kd3 Kf7 42. Kc4 Rc8+ 43. Kb5 (43. Kd3 $142) 43... Rc2 44. Nb6 $2 (44. h4) 44... Rxh2 45. Nc4 Rh3 46. Nxa3 Bxa3 47. Rxa3 Rxg3 {KR-KR} 48. Kc4 h5 49. Kd5 (49. Rxa5 $142 Rxf3 50. Rxe5) 49... h4 50. Rxa5 h3 51. Ra8 Rxf3 52. Kxe5 g5 53. Kd5 g4 (53... h2 $142 54. Rh8 Rf2 55. e5 Kg7 56. Rh5 g4 57. Rh4 g3 58. Ke4 g2 59. Rxh2 g1=Q 60. Rxf2 Qxf2 61. Kd3 Kf7 62. Kc3 Ke6 63. Kc4 Kxe5 64. Kd3 Qd4+ 65. Kc2 Kd5 66. Kc1 Qf2 67. Kd1 Kd4 68. Kc1 Kc3 69. Kd1 Qf1#) 54. Rh8 Rf1 55. e5 Rd1+ {Black mates.} 56. Ke4 g3 57. Rh7+ Ke8 58. Rh8+ Kd7 59. Rh7+ Kc6 60. Rh6+ Kc5 {Accuracy: White = 52%, Black = 90%.} 0-1

[Event "18th Aeroflot Open-A 2020"]
[Site "Moscow"]
[Date "2020.02.25"]
[Round "7.6"]
[White "Savchenko, Boris"]
[Black "Jumabayev, Rinat"]
[Result "0-1"]
[WhiteElo "2573"]
[BlackElo "2646"]
[Annotator "TA"]
[PlyCount "62"]
[EventDate "2020.02.19"]
[EventType "swiss"]
[EventCountry "RUS"]
[SourceTitle "playchess.com"]
[Source "ChessBase"]
[SourceQuality "1"]

{[%evp 13,62,39,25,29,31,0,0,0,0,0,-7,-47,-47,-47,-47,-47,-52,-53,-57,-58,-54,-53,-41,-82,-61,-83,-56,-77,-77,-130,-144,-536,-548,-529,-542,-587,-571,-585,-575,-573,-547,-521,-511,-595,-593,-583,-580,-779,-772,-760,-763]} 1. e4 e5 2. Nf3 Nc6 3. Bc4 Nf6 4. d3 Be7 5. O-O O-O 6. a4 d5 7. exd5 Nxd5 8. Re1 {C55: Two Knights: 4 d3, 4 d4 exd4 5 e5 and Max Lange Attack.} Bg4 9. h3 Bxf3 10. Qxf3 {The position is equal.} Nb6 11. Ba2 Nxa4 {[#]} 12. Nc3 $146 (12. Nd2 {with more complications.} Nb6 13. Qg3 Bh4 14. Qg4 Bg5 15. Ne4) ({Predecessor:} 12. c3 Nb6 13. b4 Bf6 14. Nd2 Nxb4 15. cxb4 e4 16. Nxe4 Bxa1 17. Bg5 Qd4 18. Rb1 {0-1 (50) Boschetti,C (2140)-Mouflih,C (2023) Robecchetto 2014}) 12... Nd4 {[%cal Bc6d4,Bd4b5,Bb5d6][%mdl 32]} 13. Qd1 Nxc3 14. bxc3 Nb5 15. Bb2 Bf6 $1 16. Rb1 Rb8 17. Bc4 Nd6 18. Ba3 Re8 19. Ba2 Qd7 20. Qg4 Qc6 21. d4 (21. Bb3 $142) 21... exd4 $17 {Hoping for ...Rxe1+.} 22. cxd4 $2 {[%mdl 8192]} (22. Bxd6 $17 Rxe1+ 23. Rxe1 Qxd6 24. cxd4) 22... Rxe1+ $19 {Black is clearly winning.} 23. Rxe1 Qc3 {[%mdl 64] [#] Double Attack} 24. Re3 Qa1+ {[%mdl 64] Double Attack} 25. Kh2 Qxa2 26. Qd7 Bxd4 27. Qxc7 {[#]} Ra8 $1 28. Rd3 Be5+ 29. g3 Qc4 30. Qd7 Qxc2 31. Rf3 Qc6 {White got outplayed after the opening. Accuracy: White = 50%, Black = 93%.} 0-1

[Event "18th Aeroflot Open-A 2020"]
[Site "Moscow"]
[Date "2020.02.25"]
[Round "7.7"]
[White "Aravindh, Chithambaram VR."]
[Black "Bharath Subramaniyam H"]
[Result "1-0"]
[WhiteElo "2630"]
[BlackElo "2402"]
[Annotator "TA"]
[PlyCount "63"]
[EventDate "2020.02.19"]
[EventType "swiss"]
[EventCountry "RUS"]
[SourceTitle "playchess.com"]
[Source "ChessBase"]
[SourceQuality "1"]

{[%evp 15,63,17,21,22,39,12,21,0,24,0,0,0,0,0,56,78,135,145,147,136,171,118,128,135,190,179,258,272,336,231,305,326,302,340,328,316,342,337,575,599,599,588,583,576,851,834,802,727,715,714]} 1. d4 Nf6 2. c4 e6 3. Nc3 d5 4. cxd5 exd5 5. Bg5 Be7 6. e3 O-O 7. Bd3 Re8 8. Qc2 h6 9. Bh4 {D35: Queen's Gambit Declined: Exchange Variation.} c5 10. Nge2 Nc6 11. O-O {The position is equal.} c4 {[#] Threatens to win with ...Nb4.} (11... g5 $5 12. Bg3 $8 c4 $11) 12. Bf5 Nb4 13. Qb1 Bxf5 14. Qxf5 g6 {[#]} (14... g5 $1 $11 15. Bg3 Qc8) 15. Qh3 $146 ({Predecessor:} 15. Qf3 Ne4 16. Bxe7 Rxe7 17. Nf4 Nd2 18. Qh3 Nxf1 19. Rxf1 g5 20. Nh5 {½-½ (20) Bok,B (2640)-Buhmann,R (2589) Berlin 2018}) 15... Kg7 (15... Nh5 $142) 16. Bxf6+ $16 Bxf6 17. Qf3 Re6 18. Nf4 (18. a3 $18 Nc6 19. Nxd5) 18... Rb6 19. Rab1 Rd6 (19... Rc8 $16 20. Nfxd5 (20. Ncxd5 Nxd5 21. Nxd5 Ra6 $16) 20... Nxd5) 20. a3 $18 {[%cal Ba2a3,Ba3a4][%mdl 32]} Nd3 (20... Nc6 $142 21. Nfxd5 Rb8) 21. Nfxd5 ({Not} 21. Ncxd5 Nxf4 22. Nxf4 b5 $16) 21... Rb8 22. a4 a6 23. b3 b5 24. bxc4 bxc4 25. Rxb8 Qxb8 26. Ne4 $1 {[%csl LRd6,LRf6][%mdl 64] [#] Double Attack} Rxd5 $2 (26... Bd8) 27. Qxf6+ {[%mdl 64] Double Attack. White is clearly winning.} Kg8 28. Qxa6 {aiming for Nf6+.} Nb4 29. Qxc4 {Strongly threatening Nf6+.} Ra5 30. Rb1 Rxa4 31. Nc3 Ra3 32. Nd5 {Accuracy: White = 74%, Black = 43%.} 1-0

[Event "18th Aeroflot Open-A 2020"]
[Site "Moscow"]
[Date "2020.02.25"]
[Round "7.8"]
[White "Paravyan, David"]
[Black "Vaibhav, Suri"]
[Result "1-0"]
[WhiteElo "2629"]
[BlackElo "2591"]
[Annotator "TA"]
[PlyCount "75"]
[EventDate "2020.02.19"]
[EventType "swiss"]
[EventCountry "RUS"]
[SourceTitle "playchess.com"]
[Source "ChessBase"]
[SourceQuality "1"]

{[%evp 12,75,13,8,13,15,16,0,6,0,0,0,61,45,34,59,95,95,98,99,179,172,268,268,314,300,328,332,314,326,328,308,322,318,326,329,312,252,342,335,339,287,460,464,552,524,1214,1120,839,807,3352,2435,4829,4821,29936,12584,29968,29970,29970,29971,29971,29972,29970,29971,29963,29965]} 1. e4 c5 2. Nf3 d6 3. d4 cxd4 4. Nxd4 Nf6 5. Nc3 a6 6. Bg5 Nbd7 7. Bc4 Qb6 {7...Qb6 scores better than 7...Qa5. B94: Sicilian Najdorf: 6 Bg5 Nbd7.} 8. Bb3 e6 9. f4 Be7 $1 {The position is equal.} 10. f5 Nc5 11. Qf3 Ncxe4 (11... Nxb3 $11 12. Nxb3 Bd7) 12. Nxe4 $14 Qxd4 {[%mdl 64] Double Attack} 13. Bxf6 $1 gxf6 14. c3 $36 {[%mdl 2048] [#] White is on the roll.} Qe5 $146 {[#]} ({Predecessor:} 14... Qb6 15. O-O-O d5 16. fxe6 dxe4 17. exf7+ Kf8 18. Qxe4 f5 19. Qf4 Qg6 20. Rhe1 Be6 21. Qe5 Qg5+ 22. Kb1 Bxb3 23. Qxh8+ Kxf7 24. Qxh7+ Kf8 25. axb3 {1-0 (25) Gashimov,V (2717)-Volokitin,A (2672) Poikovsky 2008}) 15. O-O-O $1 Bd7 (15... exf5 $2 {[#]} 16. Nxd6+ $1 {[%mdl 512]} Bxd6 17. Rhe1 $18) (15... Qxf5 $16 16. Qxf5 (16. Nxd6+ Bxd6 17. Qxf5 exf5 $16) 16... exf5 17. Nxd6+ Bxd6 18. Rxd6 Be6) 16. fxe6 $18 Bc6 (16... fxe6 {keeps fighting.} 17. Rhe1 O-O 18. Nxd6 Bc6 19. Qg4+ (19. Rxe5 Bxf3 20. Bxe6+ Kh8 $16) (19. Bxe6+ Kh8 $18) 19... Qg5+ 20. Qxg5+ fxg5 21. Nxb7 (21. Rxe6 Bxd6 22. Rexd6+ Kh8 $16) (21. Bxe6+ Kh8 $16) 21... Rf6 22. Bxe6+ Kf8) 17. exf7+ Kd8 18. Rhe1 {Strongly threatening Qd3.} f5 {[%cal Rc6e4]} 19. Nxd6 $1 {[%mdl 64] Double Attack} Bg5+ 20. Kc2 Bxf3 21. Rxe5 Bxd1+ 22. Kxd1 Kc7 {aiming for ...Rad8.} 23. Nxf5 Rad8+ 24. Ke2 Kb8 25. h4 Bc1 26. Ng7 Bxb2 $2 (26... Rhf8 {was necessary.} 27. g4 Rc8) 27. Re8 Ba3 28. g4 h6 29. g5 hxg5 30. hxg5 Ka7 31. Rxd8 Rxd8 {[%mdl 4096] Endgame KRB-KBN} 32. Ne6 Rd6 33. g6 Rxe6+ 34. Bxe6 {White mates.} Bf8 35. Kd3 Kb8 36. Ke4 Kc7 37. Kf5 Bg7 38. Bd5 {Black did not feel at home in the position after the opening. Accuracy: White = 100%, Black = 41%.} 1-0

[Event "18th Aeroflot Open-A 2020"]
[Site "Moscow"]
[Date "2020.02.25"]
[Round "7.9"]
[White "Zhou, Jianchao"]
[Black "Antipov, Mikhail Al."]
[Result "1/2-1/2"]
[WhiteElo "2622"]
[BlackElo "2562"]
[Annotator "TA"]
[PlyCount "35"]
[EventDate "2020.02.19"]
[EventType "swiss"]
[EventCountry "RUS"]
[SourceTitle "playchess.com"]
[Source "ChessBase"]
[SourceQuality "1"]

{[%evp 9,35,6,6,10,10,13,18,8,12,3,7,7,36,29,39,39,39,32,44,14,48,58,63,17,20,14,12,-15]} 1. g3 g6 2. Bg2 Bg7 3. c4 c5 4. Nc3 Nc6 5. d3 a6 6. e3 {A36: Symmetrical English vs ...g6: 4 Bg2 Bg7.} b5 7. Nge2 Rb8 8. O-O Nf6 9. b3 O-O 10. Bb2 bxc4 11. dxc4 Bb7 12. Qd2 {[#]} Nb4 $146 ({Predecessor:} 12... d6 13. Nd5 Nxd5 14. cxd5 Ne5 15. f4 Nd7 16. Bxg7 Kxg7 17. e4 Qc7 18. Rac1 a5 {1-0 (45) Gascon del Nogal,J (2291)-Guerrero Vargas,A (2279) Lecheria 2014}) 13. e4 d6 14. Nd5 Nbxd5 15. exd5 Bc8 16. Nc3 Bd7 17. Rae1 a5 18. Ne4 {Accuracy: White = 72%, Black = 85%.} 1/2-1/2

[Event "18th Aeroflot Open-A 2020"]
[Site "Moscow"]
[Date "2020.02.25"]
[Round "7.10"]
[White "Suleymanli, Aydin"]
[Black "Smirin, Ilia"]
[Result "1-0"]
[WhiteElo "2474"]
[BlackElo "2615"]
[Annotator "TA"]
[PlyCount "65"]
[EventDate "2020.02.19"]
[EventType "swiss"]
[EventCountry "RUS"]
[SourceTitle "playchess.com"]
[Source "ChessBase"]
[SourceQuality "1"]

{[%evp 13,65,0,27,8,47,22,15,17,29,-8,0,-8,50,41,54,34,33,29,50,43,32,48,83,96,83,77,511,491,502,487,514,516,516,516,508,505,427,488,504,332,345,0,509,480,465,468,481,483,475,459,1845,1767,1355,1083]} 1. d4 d6 2. c4 e5 3. e3 Nd7 4. Nc3 g6 5. g3 Bg7 6. Bg2 Ne7 7. Nge2 O-O 8. O-O {A21: English Opening: 1...e5 2 Nc3.} f5 9. dxe5 dxe5 10. e4 {The position is equal.} c6 {[#]} 11. Be3 $146 ({Predecessor:} 11. Bg5 h6 12. Bxe7 Qxe7 13. b3 f4 14. gxf4 exf4 15. f3 Ne5 16. Qc2 g5 17. Rad1 g4 18. Qd2 gxf3 19. Bxf3 Bh3 20. Rf2 Nxf3+ {0-1 (20) Zubia Aramburu,M (1726)-Alonso Bouza,J (2385) San Sebastian 2017}) 11... Qc7 {With the idea ...f4.} 12. Qd2 Nb6 ({Black should try} 12... Nf6 $11) 13. b3 $1 $36 {[%mdl 2048] White has good play.} f4 14. gxf4 exf4 15. Nxf4 Bxc3 16. Qxc3 {Strongly threatening Bc1.} Rxf4 17. Rad1 Be6 {[#]} 18. c5 $1 {[%mdl 1024] Hoping for Rd6. White has strong compensation. White now steadily converts the win.} Rh4 {[%csl Gh4][%cal Rc7h2]} 19. Rd6 Nd7 $2 {[%mdl 8192]} (19... Nec8 $16) 20. f4 $18 Bh3 21. Qc4+ Kf8 {Black wants to play ...Rg4.} 22. Bxh3 Rxh3 23. Qe6 {[%mdl 64] [#] Double Attack} Rxe3 24. Rxd7 Qxd7 25. Qxd7 Rxe4 26. Qd3 Re6 27. Qd7 (27. Qh3 $142 Nf5 28. Qxh7) 27... Re4 $1 28. f5 {White is clearly winning.} gxf5 29. Rxf5+ Kg7 30. Rg5+ Kf6 31. Rg3 {aiming for Qd6+.} b5 (31... Nf5 $142 32. Rf3 Rg8+ 33. Kf2 Re5 34. Qxb7 Rxc5 35. Qxh7 Rg4) 32. Qd6+ Kf7 33. Qh6 {Accuracy: White = 84%, Black = 63%.} 1-0

[Event "18th Aeroflot Open-A 2020"]
[Site "Moscow"]
[Date "2020.02.25"]
[Round "7.11"]
[White "Sargissian, Gabriel"]
[Black "Sychev, Klementy"]
[Result "1/2-1/2"]
[WhiteElo "2689"]
[BlackElo "2563"]
[Annotator "TA"]
[PlyCount "101"]
[EventDate "2020.02.19"]
[EventType "swiss"]
[EventCountry "RUS"]
[SourceTitle "playchess.com"]
[Source "ChessBase"]
[SourceQuality "1"]

{[%evp 13,101,0,21,12,5,10,10,8,10,13,8,10,0,0,0,0,0,0,6,6,8,1,24,20,33,27,35,20,23,0,8,0,0,0,0,0,0,0,0,0,0,0,22,18,30,0,0,0,0,0,83,0,0,0,0,0,0,0,0,0,0,0,0,0,0,0,0,0,0,0,0,0,0,0,0,0,0,0,0,0,0,0,0,0,0,0,0,0,0,0]} 1. d4 Nf6 2. c4 e6 3. Nc3 Bb4 4. e3 O-O 5. Bd2 b6 6. Nf3 Bb7 7. Bd3 d6 8. a3 {E21: Nimzo-Indian: 4 Nf3.} Bxc3 $1 9. Bxc3 Ne4 10. Bxe4 Bxe4 11. O-O Nd7 12. Nd2 Bb7 13. e4 f5 14. Qe2 fxe4 15. Nxe4 Qh4 16. f3 Rae8 {[#]} 17. Rfe1 $146 ({Predecessor:} 17. Be1 Qh5 18. Ng3 Qg6 19. Rc1 e5 20. d5 Nc5 21. Rc3 c6 22. b4 Nd7 23. dxc6 Bxc6 {0-1 (40) Degtiarev,E (2424)-Bindrich,F (2583) Germany 2015}) 17... Rf5 18. Qf2 Qh6 19. Ng3 Rf7 20. a4 Nf6 {[#] Hoping for ...Ng4!} 21. Qd2 Qg6 22. d5 e5 23. f4 exf4 24. Qxf4 Ref8 25. Bxf6 Rxf6 26. Qe4 Qh6 27. Rf1 Qg6 28. Qxg6 Rxg6 29. Nf5 {[#] Intending Ne7+ and mate.} Rgf6 30. Nd4 Rxf1+ 31. Rxf1 Rxf1+ 32. Kxf1 $11 {[%mdl 4096] Endgame KB-KN} Bc8 $1 {The position is equal.} 33. b4 Bd7 34. a5 Kf7 35. a6 Kf6 {Strongly threatening ...Ke5.} 36. Ke2 Ke5 37. Ke3 b5 38. Nf3+ Kf6 39. Kd4 g5 40. c5 Bc8 41. Nd2 h6 42. Ne4+ Ke7 43. c6 Bxa6 44. Nc3 Kf6 45. Ke4 Kg6 46. g4 Kf6 47. h3 Kg6 48. Kd4 Kf7 49. Ke4 Kg6 50. Kd4 Kf7 51. Ke4 {Accuracy: White = 97%, Black = 100%.} 1/2-1/2

[Event "18th Aeroflot Open-A 2020"]
[Site "Moscow"]
[Date "2020.02.25"]
[Round "7.12"]
[White "Rakhmanov, Aleksandr"]
[Black "Cordova, Emilio"]
[Result "1-0"]
[WhiteElo "2645"]
[BlackElo "2593"]
[Annotator "TA"]
[PlyCount "125"]
[EventDate "2020.02.19"]
[EventType "swiss"]
[EventCountry "RUS"]
[SourceTitle "playchess.com"]
[Source "ChessBase"]
[SourceQuality "1"]

{[%evp 22,125,27,12,26,0,15,-14,7,-16,14,0,-2,0,0,0,0,-14,0,-8,-6,-12,0,0,16,11,11,12,9,0,0,0,0,0,0,0,28,12,16,0,0,0,26,26,37,47,67,64,64,84,91,82,90,20,193,199,193,190,177,85,96,95,78,83,198,222,289,36,299,308,279,299,260,285,290,275,397,368,366,312,487,437,527,528,508,487,423,0,496,479,849,878,1020,1006,1672,650,935,934,871,826,6357,6350,6350,6350,5043,4960]} 1. c4 c5 2. g3 g6 3. Bg2 Bg7 4. Nc3 Nc6 5. b3 d6 6. Bb2 a6 7. d3 e5 8. e3 Nge7 9. Nge2 Rb8 10. Qd2 b5 11. Nd5 O-O 12. O-O {[#]} a5 $146 {A36: Symmetrical English vs ...g6: 4 Bg2 Bg7.} ({Predecessor:} 12... Be6 13. Rae1 Qd7 14. f4 f5 15. Nec3 Kh8 16. Nxe7 Nxe7 17. Nd5 Rbe8 18. Qa5 Nc6 19. Qd2 Ne7 20. Kh1 Nxd5 21. cxd5 {0-1 (47) Topalov,V (2740)-Wei,Y (2736) Abidjan 2019}) 13. Rab1 Ba6 14. Rfc1 h5 {The position is equal.} 15. Ba1 (15. Ndc3 {feels hotter.} b4 16. Ne4 Bh6 17. f4 f5 18. Nf2) 15... Kh7 (15... b4 {is interesting.} 16. f4 Bc8 17. Bb2 Bd7 18. Qc2 Qc8) 16. Nec3 Nxd5 17. Bxd5 Ne7 18. Bg2 b4 19. Ne4 Nf5 20. a3 Bb7 21. Bb2 Qe7 22. Ra1 Bh6 23. Qe2 Rfc8 24. axb4 axb4 25. Ra7 Rc7 26. Rca1 Ng7 27. f4 Nf5 28. Bh3 {Black must now prevent Bxf5.} f6 29. Bg2 Bg7 30. Qf2 Nh6 31. h3 Kh8 (31... Re8 {with more complications.} 32. Re1 Bxe4 33. Rxc7 Qxc7 34. dxe4 exf4 35. exf4 f5) 32. d4 $36 {[%mdl 2048] White has the initiative.} exd4 33. exd4 Bxe4 34. Rxc7 {[%mdl 64] Overworked Piece} Qxc7 35. Bxe4 f5 36. Bd5 Re8 37. dxc5 (37. Ra6 $16) 37... Qxc5 $2 (37... dxc5 $11 38. Bxg7+ Qxg7) 38. Bxg7+ $18 Kxg7 39. Ra7+ Kf8 40. Qxc5 (40. Ra6 $18 {has better winning chances. aiming for Qxc5.} Kg7 41. Kg2) 40... dxc5 {[%mdl 4096] Endgame KRB-KRN} 41. Kf2 Rc8 42. Ke3 Ng8 (42... Re8+ $16 {was necessary.} 43. Kf2 Rc8) 43. Be6 $1 {[%cal Re6c8]} Rd8 44. Rf7+ Ke8 {[#]} 45. Rg7 $1 {[%cal Rg7g8]} Ne7 {[#]} 46. Rh7 $1 {[%cal Rh7h8] And now Rh8+ would win.} Nc6 {Black wants to play ...Rd6.} 47. Bf7+ {[%mdl 64] Double Attack} Kf8 48. Bxg6 {[%mdl 64] Double Attack} Rd1 (48... Nd4 $142 49. Rxh5 Nc2+ 50. Ke2 Nd4+ 51. Kf2 Ke7 52. Bxf5 Nxb3) 49. Rf7+ Kg8 {intending ...Nd4.} 50. Rxf5 h4 (50... Ne7 {might work better.} 51. Rg5 (51. Rxc5 Nxg6 52. Rb5 Rc1 $11) 51... Nxg6 52. Rxg6+ Kf7) 51. Rxc5 Ne7 52. Be4 Re1+ 53. Kd4 Rd1+ 54. Ke3 Re1+ $1 55. Kf3 {White is clearly winning.} Rc1 (55... hxg3 $142 56. Rg5+ Kf7) 56. gxh4 Rc3+ 57. Kg4 Rxb3 58. Rb5 Kg7 59. Rb7 {Hoping for h5.} Kf6 60. Rb6+ Kg7 61. f5 Ng8 62. Rg6+ Kf8 63. f6 {Accuracy: White = 85%, Black = 63%.} 1-0

[Event "18th Aeroflot Open-A 2020"]
[Site "Moscow"]
[Date "2020.02.25"]
[Round "7.13"]
[White "Svane, Rasmus"]
[Black "Abdusattorov, Nodirbek"]
[Result "1-0"]
[WhiteElo "2608"]
[BlackElo "2644"]
[Annotator "TA"]
[PlyCount "81"]
[EventDate "2020.02.19"]
[EventType "swiss"]
[EventCountry "RUS"]
[SourceTitle "playchess.com"]
[Source "ChessBase"]
[SourceQuality "1"]

{[%evp 14,81,23,25,33,6,25,6,33,33,39,20,48,37,37,42,95,116,100,37,40,37,78,98,91,96,94,102,110,109,101,101,133,135,221,234,219,228,244,239,237,232,270,260,407,226,341,343,329,323,306,324,556,539,616,708,12840,12840,12848,12848,12849,12849,12850,12850,12850,27999,27999,27999,27999,27999]} 1. d4 Nf6 2. c4 e6 3. Nf3 b6 4. g3 Bb7 5. Bg2 Be7 6. O-O O-O 7. Re1 $1 {[%mdl 4] now scores much better than the old 7.Nc3. Played by Wesley So in October 2019.} Na6 8. Nc3 Ne4 {E18: Queen's Indian: Old Main Line (4 g3 Bb7 5 Bg2 Be7 6 0-0 0-0 7 Nc3).} 9. Bf4 Qc8 10. h4 {[#]} f5 $146 {The position is equal.} ({Predecessor:} 10... d6 11. Qc2 Nb4 12. Qb3 c5 13. d5 exd5 14. Nxd5 Nxd5 15. cxd5 Re8 16. Rad1 h6 {1-0 (32) Stepanov,V (2263)-Walther,J (2193) ICCF email 2018}) 11. Nxe4 Bxe4 12. Bh3 c5 13. dxc5 bxc5 14. Qd2 d6 (14... d5 $14) 15. Rad1 $16 Rd8 16. h5 ({Better is} 16. Ng5 $16) 16... Nb4 $14 17. h6 Nc2 18. Rf1 {White leaves nothing to chance now.} Bxf3 19. Qxc2 ({Of course not} 19. exf3 $6 Nd4 $11) 19... Be4 20. Qc1 $40 {[%mdl 128] Black is in trouble.} Qb7 21. hxg7 Bf6 22. Bxd6 Qxb2 23. Qh6 {Threatens to win with Be7!} ({Don't do} 23. Bxc5 Rxd1 24. Qxd1 (24. Rxd1 Qxe2 25. Bg2 Bg5 $14) 24... Rd8 $14) 23... Bxg7 (23... Re8 $16) 24. Qxe6+ $18 {[%mdl 64] [#] Double Attack} Kh8 25. Bxf5 Re8 26. Qf7 Bxf5 27. Qxf5 Qxe2 28. Qxc5 Qxa2 (28... Rac8 $142) 29. Bc7 (29. Rfe1 $142) 29... Qa4 (29... Qe2 {was worth a try.} 30. Rd7 Re4) 30. Rfe1 Rac8 31. Rxe8+ Qxe8 32. Qxa7 Qe2 $2 (32... Qf7 {might work better.} 33. c5 Kg8) 33. Rd7 Qxc4 {intending ...Qc1+.} 34. Bf4 Qg8 {[#]} 35. Be3 $1 {[%cal Re3d4] Intending Bd4 and mate.} Rd8 36. Bd4 {Threatening mate with Rxd8.} Rxd7 37. Qxd7 h6 38. Qxg7+ Qxg7 39. Bxg7+ Kxg7 40. Kg2 Kg6 41. Kh3 {Accuracy: White = 84%, Black = 49%.} 1-0